000 01223nam a22002175i 4500
001 160920
003 ES-MaACL
005 20230906212145.0
008 990730s1740 fr |||| | lat d
040 _aCCPB | B
_bspa
_cCCPB | B
100 1 _aOlea, Alfonso de.
_9130607
245 1 0 _aD. Alphonsi de Olea ... Tractatus de cessione iurium et actionum
_b: in quo insertae sunt, suo loco, additiones, seu resolutiones tam authoris, quam aureae Cencinii : tomus secundus, continens S. Rotae Rom. Decisiones ad hanc materiam facientes et D. Car. Ant. de Luca Spicilegium, cum Oleae Responsionibus ad eumdem et aliorum objectionibus.
260 _aLugduni :
_bex Officina de Tournes,
_c1740.
300 _a[20], 214 p., [2] bl. ; [12], 160, 14 p., [2] en bl. ;
_cFol.
596 _aSegunda obra con port. propia y pie de imp.: Lugduni : sumptibus G. de Tournes, Haeredum, 1739.
597 _aSign.: [calderón]4, [parágrafo]6, A-P6, Q-S4, T6 ; ã6, A-O6, P4.
597 _aAmbas port. con grab. xil.
597 _aTexto a dos col.
852 _aES-MaACL
_jR-1533(2)
_z-- Enc. piel no original de la época
_x Olim: G-2202
852 _aES-MaACL
_jR-1533(3)
_z-- Enc. piel no original de la época
_x Olim: G-2202
999 _c160920
_d160920